Les 7 arts - 2 - Statistiques

Statistiques générales
  • Ce quiz a été pris 68 fois
  • Le résultat moyen est 14 sur 35
Statistiques - réponses
Catégorie Réponse % Correct
Quel monument fut offert par la France aux Etats-Unis en signe d’amitié en 1886? La Statue de la Liberté
88%
Combien de volumes comporte la saga Harry Potter? 7
82%
Comment se nomme un des romans dystopiques les plus célèbres, écrit par Georges Orwell? 1984
73%
À quel peintre doit-on Le Bassin aux Nymphéas, oeuvre à laquelle est dédié une salle au musée d’Orsay? Claude Monet
69%
Arts visuels Quelle technique de peinture consiste à peindre par points de tons purs juxtaposés? Le pointillisme
69%
Littérature Qui a écrit le Père Goriot? Honoré de Balzac
67%
Qui est le compositeur de la « Chevauchée des Walkyries »? Richard Wagner
65%
Quel tableau de Delacroix est symbolique de la révolution des Trois Glorieuses? La liberté guidant le peuple
61%
Quelle fontaine symbole de Bruxelles représente un petit garçon en train d’uriner? Le Manneken Pis
59%
En quelle année est sorti Titanic? 1997
55%
Citez un des présidents présents sur le mont Rushmore. Georges Washington, Theodore Roosvelt, Abraham Lincoln, Thomas Jefferson
53%
Quel série de films met en vedette Ben Stiller dans le rôle d’un gardien de musée? La nuit au Musée
51%
Musique Quel est le nom de l’album des Beatles, sur lequel on les voit traverser un passage piéton? Abbey Road
49%
Quelle comédie musicale est adaptée au cinéma en 1978 avec John Travolta? Grease
49%
Quelle est chanson emblématique de l’équipe de France 1998? I Will Survive
45%
Qui a peint le Radeau de la Méduse? Théodore Géricault
45%
Arts de la scène De quelle pièce de Molière, M.Jourdain est-il le personnage principal? Le Bourgeois Gentilhomme
43%
Quel artiste britannique actif depuis les années 1990 utilise le pochoir dans la plupart de ses oeuvres? Banksy
41%
Quel est le nom du personnage principal du roman le Rouge et le Noir? Julien Sorel
35%
Quelle statue ailée représentant la déesse Niké est exposé au musée du Louvre? La Victoire de Samothrace
33%
À qui doit-on la musique du ballet Casse Noisettes? Piotr Illich Tchaïkovski
33%
Qui incarne Phoebus dans la comédie musicale Notre Dame de Paris? Patrick Fiori
31%
Quels sont les noms des deux familles rivales de la pièce Roméo et Juliette? Capulet et Montaigu
29%
Dans quelle région française trouve-t-on des maisons rouges et blanches? Pays Basque
29%
Architecture Qui est l’architecte de la flèche de Notre-Dame? Eugène Viollet-Le-Duc
27%
Qui a écrit la chanson Diamonds de Rihanna? Sia
24%
Quelle ville sacrée est considérée comme une oeuvre maitresse de l’architecture inca? Le Machu Picchu
22%
Cinéma Qui joue le rôle de Jake LaMotta dans le film The Raging Bull? Robert De Niro
18%
Qui est l’auteur du manga le plus vendu de tous les temps avec environ 480 millions de tirages? Eiichiro Oda
16%
À quel univers cinématographique appartiennent Shuri et Hope Van Dyne? Marvel Cinematic Universe
16%
Sculpture Quel dieu représente le colosse de Rhodes? Hélios
14%
Qui est le commanditaire de l’Arc de Triomphe? Napoléon 1er
14%
Qui est l’artiste français qui possède le plus de certifications de single? Ninho
12%
Quelle sculpture monumentale monolithique est la plus grande du monde? Le Sphinx
10%
Qui est le réalisateur des films Sixième Sens et Split? M. Night Shyamalan
10%
Aucun quiz correspondant
Distribution des résultats
% des personnes avec chaque résultat
Percentile par nombre de réponses
Votre historique - résultats
Vous n’avez pas pris ce quiz